Разработка автоматизированной системы для проведения анализа дисперсного состава скважинной жидкости; Научная сессия ТУСУР - 2021; Ч. 2

Bibliografiske detaljer
Parent link:Научная сессия ТУСУР - 2021: сборник избранных статей научной сессии ТУСУР по материалам Международной научно-технической конференции студентов, аспирантов и молодых учёных, 19-21 Мая 2021, Томск/ Томский государственный университет систем управления и радиоэлектроники (ТУСУР).— , 2021
Ч. 2.— 2021.— [С. 169-171]
Institution som forfatter: Национальный исследовательский Томский политехнический университет Инженерная школа новых производственных технологий Научно-производственная лаборатория "Импульсно-пучковых, электроразрядных и плазменных технологий"
Andre forfattere: Филипас А. А. Александр Александрович, Мигель А. В. Алёна Владимировна, Исаев Ю. Н. Юсуп Ниязбекович, Семенов Н. М. Николай Михайлович
Summary:Заглавие с экрана
Ставится задача определения методов и средств разработки системы для проведения анализа дисперсного состава скважинной жидкости. В статье обоснован выбор метода анализа размеров дисперсной фазы, определена конструкция стенда и режимы работы.
Sprog:russisk
Udgivet: 2021
Fag:
Online adgang:https://storage.tusur.ru/files/146545/2021-izb-2.pdf#page=170
Format: MixedMaterials Electronisk Book Chapter
KOHA link:https://koha.lib.tpu.ru/cgi-bin/koha/opac-detail.pl?biblionumber=667856

MARC

LEADER 00000naa0a2200000 4500
001 667856
005 20250528155225.0
035 |a (RuTPU)RU\TPU\network\39067 
035 |a RU\TPU\network\36640 
090 |a 667856 
100 |a 20220505d2021 k y0rusy50 ca 
101 0 |a rus 
102 |a RU 
135 |a drcn ---uucaa 
181 0 |a i  
182 0 |a b 
200 1 |a Разработка автоматизированной системы для проведения анализа дисперсного состава скважинной жидкости  |f А. А. Филипас, А. В. Мигель, Ю. Н. Исаев, Н. М. Семенов 
203 |a Текст  |c электронный 
300 |a Заглавие с экрана 
320 |a [Библиогр.: 9 назв.] 
330 |a Ставится задача определения методов и средств разработки системы для проведения анализа дисперсного состава скважинной жидкости. В статье обоснован выбор метода анализа размеров дисперсной фазы, определена конструкция стенда и режимы работы. 
461 |t Научная сессия ТУСУР - 2021  |o сборник избранных статей научной сессии ТУСУР по материалам Международной научно-технической конференции студентов, аспирантов и молодых учёных, 19-21 Мая 2021, Томск  |o в 3 ч.  |f Томский государственный университет систем управления и радиоэлектроники (ТУСУР)  |d 2021 
463 |t Ч. 2  |v [С. 169-171]  |d 2021 
610 1 |a труды учёных ТПУ 
610 1 |a электронный ресурс 
610 1 |a эмульсии 
610 1 |a машинное зрение 
610 1 |a дисперсный состав 
610 1 |a оптическая микроскопия 
610 1 |a ультразвуковые колебания 
701 1 |a Филипас  |b А. А.  |c специалист в области электротехники  |c доцент Томского политехнического университета, кандидат технических наук  |f 1963-  |g Александр Александрович  |3 (RuTPU)RU\TPU\pers\45758  |9 21969 
701 1 |a Мигель  |b А. В.  |c специалист в области автоматического управления  |c программист Томского политехнического университета  |f 1998-  |g Алёна Владимировна  |3 (RuTPU)RU\TPU\pers\46925  |9 22525 
701 1 |a Исаев  |b Ю. Н.  |c специалист в области электротехники  |c профессор Томского политехнического университета, доктор физико-математических наук  |f 1960-  |g Юсуп Ниязбекович  |3 (RuTPU)RU\TPU\pers\25324  |9 11306 
701 1 |a Семенов  |b Н. М.  |c инженер-электрик  |c старший преподаватель Томского политехнического университета  |f 1952-  |g Николай Михайлович  |3 (RuTPU)RU\TPU\pers\29728  |9 14213 
712 0 2 |a Национальный исследовательский Томский политехнический университет  |b Инженерная школа новых производственных технологий  |b Научно-производственная лаборатория "Импульсно-пучковых, электроразрядных и плазменных технологий"  |3 (RuTPU)RU\TPU\col\23502 
801 2 |a RU  |b 63413507  |c 20220505  |g RCR 
850 |a 63413507 
856 4 |u https://storage.tusur.ru/files/146545/2021-izb-2.pdf#page=170  |z https://storage.tusur.ru/files/146545/2021-izb-2.pdf#page=170 
942 |c CF